MDQL
is popping MORE tags! Check the
thread
!
Quizzes
Events
Quiz Creation
Community
Videos
Private Events
Remove Ads
Sign In
Join for FREE
Feedback
Dark Mode
Quiz Categories
Sports
Geography
Music
Movies
Television
Just For Fun
Miscellaneous
History
Literature
Language
Science
Gaming
Entertainment
Religion
Holiday
For Kids
Quiz Lab
Recent
Popular Today
Quiz Kudos Today
Editor Picks
Curator Picks
Quizzes by...
Day
Popularity
Type
Ratings
Length
Year
Community
Subscriptions
Recent Discussions
Orange Saloon
Badges
Playlists
Quests
Create
Leaderboards
Showdown
Live 5
Trivia Bingo
Activity
Puzzle Library
Sporcle Events
Private Events
Virtual Trivia
Globe League
Become a Host
Pub Owners
SporcleCon
Opinionation
Our Games
Videos
Blog
Mobile Apps
Partnerships
Remove Ads and Go Orange
Feedback
Sports
Athletes
MLB
NBA
NHL
NFL
Soccer
Sports Teams
WWE
NCAA
Football
Premier League
Basketball
Baseball
Hockey
Golf
Tennis
Cricket
Rugby
Auto Racing
Olympics
World Cup
Sports
Athletes
MLB
NBA
NHL
NFL
Soccer
Sports Teams
WWE
NCAA
Football
Premier League
Basketball
Baseball
Hockey
Golf
Tennis
Cricket
Rugby
Auto Racing
Olympics
World Cup
Random Quiz
Search Sporcle
×
Quiz Lab
Quiz Lab
Sports
NBA
Type in answers that appear in a list
Type in answers that appear in a list
Classic
Best Score? Go Orange.
SI's Top 100 NBA Players of 2014 Stats
Can you name the SI's Top 100 NBA Players of 2014
By
Tho2994MP
15m
100 Questions
1,634 Plays
1,634 Plays
1,634 Plays
Comments
Comments
Give Quiz Kudos
Give Quiz Kudos
-
- Ratings
hide this ad
More Info
Replay
Link that replays current quiz
Next Quiz
Link to next quiz in quiz playlist
You Got
0%
They Got
Avg Score
71%
Avg Friend Score
Upgrade to see
Score Distribution
Jump to the score distribution portion of the page
Score
0/100
Timer
15:00
0
Plays Today
Rank
Player
% Correct
1
Lebron James
99.4%
2
Kevin Durant
98.4%
3
Chris Paul
97.6%
4
Tony Parker
96.9%
5
Russell Westbrook
96.8%
9
Kobe Bryant
96.8%
6
Tim Duncan
96.7%
8
Dwyane Wade
96.6%
7
Dwight Howard
96.1%
10
Carmelo Anthony
96.1%
11
James Harden
95.9%
12
Derrick Rose
95.5%
31
David West
95.5%
15
Stephen Curry
94.9%
19
Blake Griffin
94.4%
14
Marc Gasol
94.4%
17
Chris Bosh
94.3%
36
Pau Gasol
93.5%
16
Dirk Nowitzki
93.2%
13
Kevin Love
92.8%
20
Kyrie Irving
92.6%
21
Joakim Noah
90.7%
25
Paul George
90.2%
26
Rajon Rondo
89.7%
24
Deron Williams
89.2%
18
LaMarcus Aldridge
88.9%
28
Kevin Garnett
88.7%
30
Brook Lopez
87.6%
80
Lou Williams
87.3%
40
John Wall
86.9%
32
Paul Pierce
86.6%
29
Serge Ibaka
84.8%
41
Anthony Davis
84.8%
22
Al Horford
84.1%
Rank
Player
% Correct
23
Roy Hibbert
83.9%
27
Tyson Chandler
81.1%
34
Josh Smith
80.9%
35
Zach Randolph
80.7%
83
J.R. Smith
80.7%
56
Manu Ginobili
78.3%
59
Joe Johnson
77.2%
39
Mike Conley
76.8%
47
Damian Lillard
76.3%
37
Kawhi Leonard
76.1%
84
Amir Johnson
75.9%
33
Andre Iguodala
75.5%
54
Steve Nash
74.8%
53
DeMarcus Cousins
74.1%
89
Klay Thompson
73.8%
46
David Lee
72.9%
42
Ty Lawson
70.7%
55
Luol Deng
69.6%
96
Danny Green
68.2%
48
Jrue Holiday
67.4%
44
Al Jefferson
66.8%
38
Paul Millsap
66.6%
52
Greg Monroe
64.6%
71
Carlos Boozer
64.6%
93
Ricky Rubio
64.4%
63
Andre Drummond
64%
68
Monta Ellis
62.9%
85
Amar’e Stoudemire
60.6%
90
Jimmy Butler
60.6%
79
George Hill
60.5%
64
Rudy Gay
60.2%
72
Danny Granger
59.7%
78
Jeff Teague
58.1%
58
Nene
57.8%
Rank
Player
% Correct
51
Nicolas Batum
57.5%
91
Brandon Jennings
56.9%
45
Danilo Gallinari
56.1%
74
Tiago Splitter
53.5%
81
Kyle Lowry
53.5%
88
Goran Dragic
53.3%
50
Nikola Pekovic
52.8%
65
Tyreke Evans
52.7%
69
Omer Asik
52.7%
97
Matt Barnes
52.5%
43
Larry Sanders
52%
76
Jamal Crawford
51.8%
60
Andrew Bynum
51.7%
94
Chandler Parsons
51.4%
75
Kenneth Faried
50.9%
57
Ryan Anderson
50.7%
66
Anderson Varejao
50.6%
95
Eric Bledsoe
50.2%
100
Nikola Vucevic
49.3%
77
O.J. Mayo
47.7%
99
Jarrett Jack
46.9%
62
Thaddeus Young
46.5%
86
Vince Carter
46.3%
67
Gordon Hayward
45.3%
87
Derrick Favors
44.7%
98
Kyle Korver
44.6%
82
J.J. Redick
44.2%
92
Shawn Marion
44.2%
70
Jose Calderon
42.7%
73
Kevin Martin
41.1%
49
Andrei Kirilenko
40.6%
61
Ersan Ilyasova
39%
Quiz Playlist
Details
Report
Send in Message
Add To Playlist
More Info:
Name Sports Illustrateds top 100 players of the upcoming NBA season, to learn about their criteria for their selections view the link above.
Classic:
Type in answers that appear in a list
Quiz Source
Last Updated: Feb 16, 2017
Quiz Scoreboard
CHALLENGE
Sign Up to Join the Scoreboard
Show All
Scores
Hide
Comments
May contain spoilers
Recently Published
Two Season TV Shows II
by 123Four
Television
10m
Image Sorting: Flags VI
by Barbecue
Geography
2m
Find the 'City' Movie
by crazypaving
Movies
60s
More to Explore
Quiz From the Vault
Featured Blog Post
14 Easter Pick-up Lines to Find Eggs With
hide this ad
You Might Also Like...
Tags
Basketball Quiz
NBA Quiz
Chicago Bulls
Miami Heat
NBA Draft
NBA MVP
NBA Player
NBA Playoffs
NBA Teams
Sports ESPN
Sports Illustrated
Today's Top Quizzes in Sports
Browse Sports
hide this ad
Today's Top Quizzes in NBA
Browse NBA
Top Contributed Quizzes in Sports
1
Les meilleurs buteurs des matchs entre le PSG et l’OM
2
Les entraîneurs de l'OM et du PSG au 21e siècle
3
2022 World Cup Stars
4
Les joueurs passés par le PSG et l'OM
5
Players with Multiple 50 Home Run Seasons
6
FIFA Club World Cup Champions
7
Criteria MLB: Left Handed Sluggers
8
Les joueurs passés par le LOSC et le RC Lens
9
Top 10 NHL Goal Scorers of All Time
10
MLB Players with Two .350 Batting Average Seasons
Explore More
Trending Topics
Kpop
Harry Potter
Marvel
Anime
NBA
Crossword
Disney
Soccer
NFL
WWE
Puzzle
Song
Pokémon
Country
The Office
hide this ad
More By:
Tho2994MP
Quiz
Plays
Rating
Category
Featured
Created
Top 10 Players Who Should Have Retired Sooner
12,493
1.67
Sports
Feb 12, 2013
Top 10 Unbreakable Sports Records
12,057
2.98
Sports
Feb 28, 2013
Top 30 2013 NBA Players (ESPN)
11,581
3.67
Sports
Apr 10, 2013
Top 15 2012 Selling Jerseys NBA
9,131
4.48
Sports
Apr 13, 2013
Top 10 2012 NBA Players (ESPN)
6,007
2.14
Sports
Feb 6, 2013
Go to Creator's Profile
Score Distribution
Quiz Creator Spotlight
Tho2994MP
Follow
Send a Message
Quizzes Created
-
Created Quiz Play Count
-
More By This Creator
Popular Quizzes Today
1
Find the US States - No Outlines Minefield
2
Colored Red Africa Blitz
3
Find the 'City' Movie
4
5x2 Blitz: Bands
5
The Countries of the World
6
Find the Countries of Europe - No Outlines Minefield
7
Find the US States
8
US States
More Sports Quizzes
Find the Basketball Hall of Fame Inductees (1950s-'70s)
Published
Trending Quizzes
Colored Red Europe Blitz I
Colored Red Africa Blitz II
Colored Red Europe Blitz II
Colored Red Europe Blitz III
Colored Red Africa Blitz III
Recently Updated
How Do You Spell That?
pecheneg
Godzilla Movies
pecheneg
Grab Bag: 4-10 Letters
pecheneg
2024 March Madness Bracket
pecheneg
Famous TV Couples
Peacemaker
Champions League XIs: Real Madrid
pecheneg
Largest US Cities 1790-2010
pecheneg
Rides in Walt Disney World
pecheneg
Most Oscar Losses (Acting)
pecheneg
Beyoncé Albums
pecheneg
Trending Topics
NBA
Anime
Crossword
Disney
Marvel
Harry Potter
Kpop
Puzzle
Song
WWE
Country
NFL
Soccer
Pokémon
The Office
Your Account Isn't Verified!
In order to create a playlist on Sporcle, you need to verify the email address you used during registration. Go to your
Sporcle Settings
to finish the process.
Report this User
Report this user for behavior that violates our
Community Guidelines
.
Details:
Send Report
Go to the Sporcle.com Mobile Site →
Comments